A bad day fishing / written by Paige Hulsey ; ... Read More
Available copies
- 1 of 1 copy available at LARL/NWRL Consortium.
Current holds
0 current holds with 1 total copy.
Show All Copies
| Location | Call Number / Copy Notes | Barcode | Shelving Location | Status | Due Date |
|---|---|---|---|---|---|
| Hallock Public Library | e HUL (Text) | 35500006806036 | Main | Available | - |
Record details
- ISBN: 9798989001316
- ISBN: 9798989001309
- Physical Description: 1 volume (unpaged) : color illustrations ; 22 cm
- Publisher: St. Louis, Missouri : Blooming Acres Publishing, [2023]
- Copyright: ©2023
Content descriptions
| Summary, etc.: | Jack sets out for his favorite fishing hole, but ... Read More |
Search for related items by subject
| Subject: | Fishing stories. Fishing > Fiction. |
| Genre: | Illustrated works. Picture books. Animal fiction. |
| LDR | 01472cam a2200397 i 4500 | ||
|---|---|---|---|
| 001 | 444126 | ||
| 003 | LARL_NWRL_CONSORTIUM | ||
| 005 | 20240821111427.0 | ||
| 008 | 231227t20232023moua j 000 1 eng d | ||
| 010 | . | ‡a 2023916396 | |
| 040 | . | ‡aVI# ‡beng ‡erda ‡cVI# ‡dVI# ‡dOCLCO ‡dMJ8 ‡dOCLCO | |
| 020 | . | ‡a9798989001316 ‡q(paperback) | |
| 020 | . | ‡a9798989001309 ‡q(hardback) | |
| 035 | . | ‡a(OCoLC)1416019864 | |
| 082 | 0 | 4. | ‡a[E] ‡223/eng/20231227 |
| 100 | 1 | . | ‡aHulsey, Paige, ‡eauthor. |
| 245 | 1 | 2. | ‡aA bad day fishing / ‡cwritten by Paige Hulsey ; illustrated by Daniel Wlodarski. |
| 264 | 1. | ‡aSt. Louis, Missouri : ‡bBlooming Acres Publishing, ‡c[2023] | |
| 264 | 4. | ‡c©2023 | |
| 300 | . | ‡a1 volume (unpaged) : ‡bcolor illustrations ; ‡c22 cm | |
| 336 | . | ‡atext ‡btxt ‡2rdacontent | |
| 337 | . | ‡aunmediated ‡bn ‡2rdamedia | |
| 338 | . | ‡avolume ‡bnc ‡2rdacarrier | |
| 340 | . | ‡pillustration ‡2rdaill | |
| 340 | . | ‡gpolychrome ‡2rdacc | |
| 520 | . | ‡aJack sets out for his favorite fishing hole, but encounters rain, a mishap on his bicycle, a broken fishing pole and other problems as he tries to go fishing to catch the big one. | |
| 650 | 0. | ‡aFishing stories. ‡0(LARL_NWRL_CONSORTIUM)20307 | |
| 650 | 1. | ‡aFishing ‡vFiction. ‡0(LARL_NWRL_CONSORTIUM)175992 | |
| 655 | 7. | ‡aIllustrated works. ‡2lcgft | |
| 655 | 7. | ‡aPicture books. ‡2lcgft | |
| 655 | 7. | ‡aAnimal fiction. ‡2lcgft | |
| 700 | 1 | . | ‡aWlodarski, Daniel, ‡eillustrator. |
| 901 | . | ‡a444126 ‡bAUTOGEN ‡c444126 ‡tbiblio | |

Add to basket
Permalink
Disable Highlighting